¡Que viene el zorro! / (Registro nro. 9115)

Detalles MARC
000 -LIDER
fixed length control field 00911nam a22003017a 4500
001 - NÚMERO DE CONTROL
Identificador de número de control 00260
003 - IDENTIFICACDOR DE NÚMERO DE CONTROL
control field DO-SdBNP
005 - DATE AND TIME OF LATEST TRANSACTION
control field 20240731120612.0
008 - ELEMENTOS DE LONGITUD FIJA
fixed length control field 151215b2006 sp 00| 0 spa d
020 ## - ISBN
International Standard Book Number 8466626913
040 ## - FUENTE DE CATALOGACIÓN
Agencia que crea de manera original el registro BPMSU
Idioma de catalogación spa
Agencia que realiza la transcripción BPMSU
082 #4 - NÚMERO DE CLASIFICACIÓN DECIMAL DE DEWEY
Classification number 833.91
Item number F982g 2006
Edition number 22
092 ## - LOCALLY ASSIGNED DEWEY DECIMAL CALL NUMBER
Número de clasificación xxxxx
Número de ítem (Cutter) xxxxx
100 1# - ASIENTO PRINCIPAL -- NOMBRE PERSONAL
Nombre personal Funke, Cornelia,
Fechas asociadas con el nombre 1958-
245 10 - MENCIÓN DE TITULO
Título ¡Que viene el zorro! /
Mención de responsabilidad Cornelia Funke ; traducción de María Alonso.
250 ## - MENCIÓN DE EDICION
Mención de edición 2a ed.
260 ## - PUBLICACIÓN, DISTRIBUCIÓN, ETC. (PIE DE IMPRENTA)
Lugar de publicación, distribución, etc Barcelona :
Nombre del editor, distribuidor, etc. Ediciones B,
Fecha de publicación, distribución, etc 2006.
300 ## - DESCRIPCIÓN FÍSICA
Extensión 254 p. :
Otros detalles físicos il ;
Dimensiones 24 cm.
490 0# - MENCIÓN DE SERIES
Mención de serie Las gallinas locas
490 1# - MENCIÓN DE SERIES
Mención de serie Las gallinas locas
534 ## - NOTA SOBRE LA VERSIÓN ORIGINAL
Frase introductoria Título original :
Mención del título original Wilden Hühner Fuchsalarm.
590 ## - NOTA LOCAL
Texto de la nota local Inventariado,2024/VM
650 #4 - ENCABEZAMIENTO DE MATERIA--TEMÁTICO
Término temático o nombre geográfico como elemento de entrada Novela infantil alemana
650 #4 - ENCABEZAMIENTO DE MATERIA--TEMÁTICO
Término temático o nombre geográfico como elemento de entrada Vacaciones
Subdivisión de forma Novela infantil
700 1# - ASIENTO SECUNDARIO -- NOMBRE PERSONAL
Nombre personal Alonso, María,
Mención de responsabilidad traductor
910 ## - VALIDACIÓN
Validación VMateo V. Control de calidad. BPMSU
942 ## - ADDED ENTRY ELEMENTS (KOHA)
Source of classification or shelving scheme Dewey Decimal Classification
Koha item type Libros
Existencias
Withdrawn status Lost status Source of classification or shelving scheme Damaged status Not for loan Collection code Home library Current library Date acquired Source of acquisition Total Checkouts Full call number Barcode Date last seen Price effective from Koha item type
    Dewey Decimal Classification     Colección General Biblioteca Pública Metropolitana Salomé Ureña Biblioteca Pública Metropolitana Salomé Ureña 01/26/2018 FUNDI   BPMSU CGI 833.91 F982g 2006 BPMSU18010060 01/26/2018 01/26/2018 Libros